000 01047cam a2200349 a 4500
999 _c15
_d15
001 588601
003 OSt
005 20190828145450.0
008 180326s2015 enka j 000 1 eng d
010 _a2016952954
020 _a9780008183424
020 _a9780008284930
_qBox set
035 _a(OCoLC)ocn919387020
040 _aATWFP
_beng
_cTWNTU
_dTWNTU
041 0 _aeng
042 _anbic
082 0 4 _aFIC WAL
_223
099 _a841E
100 1 _aWalliams, David,
_d1971-
245 1 0 _aGrandpa's great escape /
_cwritten by David Walliams ; illustrated by Tony Ross.
260 _aLondon :
_bHarperCollins Children's Books,
_cc2015.
300 _a460 p. :
_bill. ;
_c22 cm.
336 _atext
_2rdacontent.
337 _aunmediated
_2rdamedia.
338 _avolume
_2rdacarrier.
650 0 _aGrandfathers
_vJuvenile fiction.
650 0 _aGrandparent and child
_vJuvenile fiction.
650 0 _aNursing home care
_vJuvenile fiction.
650 0 _aEscapes
_vJuvenile fiction.
700 1 _aRoss, Tony.
_eIllustrator
942 _2ddc
_cFIC